Central Library OPAC University of Rajshahi

Gulliver's travels : (Record no. 19622)

MARC details
000 -LEADER
fixed length control field 00924nam a2200277 a 4500
001 - CONTROL NUMBER
control field 19622
003 - CONTROL NUMBER IDENTIFIER
rucl marc code BD-RjUL
005 - DATE AND TIME OF LATEST TRANSACTION
control field 20211209000445.0
008 - FIXED-LENGTH DATA ELEMENTS--GENERAL INFORMATION
fixed length control field 140225t2003 nyuahbc b 000 1 eng d
020 ## - INTERNATIONAL STANDARD BOOK NUMBER
International Standard Book Number 0393957241 (pbk.)
035 ## - SYSTEM CONTROL NUMBER
System control number (BD-RjUL)19682
040 ## - CATALOGING SOURCE
Original cataloging agency DLC
Language of cataloging eng
Transcribing agency DLC
Modifying agency BD-RjUL
041 ## - LANGUAGE CODE
Language code of text/sound track or separate title eng
082 04 - DEWEY DECIMAL CLASSIFICATION NUMBER
Classification number 823.5
Author mark and year SWG 2003
100 1# - MAIN ENTRY--PERSONAL NAME
Personal name Swift, Jonathan,
Dates associated with a name 1667-1745.
9 (RLIN) 59484
245 10 - TITLE STATEMENT
Title Gulliver's travels :
Remainder of title based on the 1726 text : contexts :criticism /
Statement of responsibility, etc. Jonathan Swift : edited by Albert J.Rivero.
260 ## - PUBLICATION, DISTRIBUTION, ETC. (IMPRINT)
Place of publication, distribution, etc. New York ;
-- London :
Name of publisher, distributor, etc. Norton,
Date of publication, distribution, etc. 2003.
300 ## - PHYSICAL DESCRIPTION
Pagination x, 511 p. :
Illustrations ill. ;
Size 22 cm.
504 ## - BIBLIOGRAPHY, ETC. NOTE
Bibliography, etc Includes bibliography (p.509-511)
600 10 - SUBJECT ADDED ENTRY--PERSONAL NAME
Personal name Swift, Jonathan,
Dates associated with a name 1667-1745.
650 #0 - SUBJECT ADDED ENTRY--TOPICAL TERM
Topical term or geographic name as entry element Voyages, Imaginary
General subdivision Fiction
9 (RLIN) 60287
700 1# - ADDED ENTRY--PERSONAL NAME
Personal name Rivero, Albert J.,
Dates associated with a name 1953-
830 #0 - SERIES ADDED ENTRY--UNIFORM TITLE
Uniform title Norton critical edition
942 ## - ADDED ENTRY ELEMENTS (KOHA)
Source of classification or shelving scheme Dewey Decimal Classification
Koha item type Books
Holdings
Lost status Source of classification or shelving scheme Damaged status Not for loan Collection code Permanent Location Current Location Shelving location Date acquired Source of acquisition Cost, normal purchase price Total Checkouts Full call number Date last seen Date checked out Copy number Koha item type Total Renewals
  Dewey Decimal Classification     Fiction Central Library, University of Rajshahi Central Library, University of Rajshahi   09/03/2008 Dhaka Progan Enterprise 225.00 3 823.5 SWG 2003 26/02/2023 01/02/2023 C-3 Books  
  Dewey Decimal Classification     Fiction Central Library, University of Rajshahi Central Library, University of Rajshahi   09/03/2008 Dhaka, Paragon Enterprises ltd. 225.00 6 823.5 SWG 2003 08/04/2023 23/03/2023 C-2 Books  
  Dewey Decimal Classification     Fiction Central Library, University of Rajshahi Central Library, University of Rajshahi   09/03/2008 Paragon Enterprises Dhaka 225.00 10 823.5 SWG 2003 30/10/2022 24/10/2022 C-4 Books 1
  Dewey Decimal Classification   Not For Loan Non-fiction Central Library, University of Rajshahi Central Library, University of Rajshahi Reading Room 09/03/2008 Dhaka, Paragon Enterprises Ltd 225.00   823.5 SWG 2003 28/01/2017   C-1 Books  
  Dewey Decimal Classification     Fiction Central Library, University of Rajshahi Central Library, University of Rajshahi General Stacks 16/03/2006 Paragon, Dhaka 225.00   823.5 SWG 2003 21/12/2024   C-5 Books  
  Dewey Decimal Classification     Fiction Central Library, University of Rajshahi Central Library, University of Rajshahi General Stacks 16/03/2006 Paragon, Dhaka 225.00   823.5 SWG 2003 21/12/2024   C-6 Books